[Event "Quebec-ch U10"]
[Site "Montreal CAN"]
[Date "2016.01.16"]
[Round "3"]
[White "He, Yu Xi"]
[Black "Zhong, Ziyi"]
[Result "0-1"]
[WhiteElo "909"]
[BlackElo "1234"]
[PlyCount "110"]
[EventDate "2016.01.15"]
[EventType "swiss"]
[EventRounds "5"]
[EventCountry "CAN"]

1. e4 e5 2. Nf3 Nc6 3. Nc3 Nf6 4. d4 exd4 5. Nxd4 Bc5 6. Be3 Bb6 7. Nxc6 bxc6
8. Bxb6 cxb6 9. Bd3 O-O 10. O-O Re8 11. Re1 d5 12. h3 d4 13. Nb1 c5 14. c3 Bb7
15. f3 Rc8 16. Nd2 dxc3 17. bxc3 Qxd3 18. Nb1 Rcd8 19. Qxd3 Rxd3 20. Re2 Rd1+
21. Kf2 h5 22. Rd2 Rc1 23. Ke2 Ba6+ 24. Kf2 Bb7 25. Re2 g5 26. Re1 Rxe1 27.
Kxe1 g4 28. hxg4 hxg4 29. Nd2 gxf3 30. gxf3 Nh5 31. Kf2 Bc8 32. Rg1+ Kh7 33.
Nc4 Be6 34. Rg5 Kh6 35. Re5 Rd8 36. Ne3 Rd2+ 37. Ke1 Rxa2 38. Nd5 Bxd5 39. exd5
Rg2 40. d6 Rg8 41. Rd5 Nf6 42. Rd2 a5 43. d7 Rd8 44. Rd6 Kg5 45. Rxb6 Rxd7 46.
Rb5 Ra7 47. Rxc5+ Kf4 48. Ke2 a4 49. Rb5 a3 50. Rb1 a2 51. Ra1 Nd5 52. c4 Nb4
53. Rxa2 Rxa2+ 54. Kd1 Ke3 55. c5 Ra1# 0-1

[Event "Quebec-ch U10"]
[Site "Montreal CAN"]
[Date "2016.01.16"]
[Round "3"]
[White "Kuleshova, Julia"]
[Black "Cui, Guang Zhu"]
[Result "1-0"]
[WhiteElo "1593"]
[BlackElo "1084"]
[PlyCount "73"]
[EventDate "2016.01.15"]
[EventType "swiss"]
[EventRounds "5"]
[EventCountry "CAN"]

1. e4 e5 2. Nf3 Nc6 3. Bb5 a6 4. Ba4 Nf6 5. d3 Bc5 6. O-O O-O 7. Bxc6 dxc6 8.
Nxe5 h6 9. h3 Qd6 10. Nc4 Qe6 11. Nc3 b5 12. Ne3 b4 13. Na4 Bd4 14. Nf5 Qe5 15.
Nxd4 Qxd4 16. Be3 Qe5 17. Bc5 Rd8 18. f4 Qe8 19. Bxb4 Nxe4 20. Re1 Bf5 21. Qf3
Rab8 22. Bc3 c5 23. dxe4 Bc8 24. Qg3 g6 25. Nxc5 Qf8 26. Nd3 Qd6 27. Rad1 Qb6+
28. Kh2 c5 29. f5 Qd6 30. Ne5 Qc7 31. Rxd8+ Qxd8 32. Nc6 Qf8 33. Qxb8 Kh7 34.
Na7 Qd8 35. Qxc8 Qd6+ 36. e5 Qb6 37. e6 1-0

[Event "Quebec-ch U10"]
[Site "Montreal CAN"]
[Date "2016.01.16"]
[Round "3"]
[White "Kuy, Anthony"]
[Black "Tao, Neilson"]
[Result "0-1"]
[WhiteElo "1093"]
[BlackElo "1074"]
[PlyCount "76"]
[EventDate "2016.01.15"]
[EventType "swiss"]
[EventRounds "5"]
[EventCountry "CAN"]

1. e4 e5 2. Nf3 Nc6 3. Bb5 Bc5 4. Bxc6 dxc6 5. g3 Nf6 6. d3 O-O 7. Bg5 h6 8.
Bxf6 Qxf6 9. g4 Bxg4 10. Nbd2 Bb4 11. c3 Bc5 12. b4 Bb6 13. h3 Bh5 14. h4 Rad8
15. d4 exd4 16. e5 Rfe8 17. Kf1 Rxe5 18. cxd4 Rxd4 19. Kg1 Bxf3 20. Qxf3 Rxd2
21. Qxf6 gxf6 22. Kg2 Rxf2+ 23. Kg3 h5 24. Raf1 Rxf1 25. Rxf1 Bd4 26. Rf4 Rd5
27. Rxf6 Bxf6 28. b5 cxb5 29. a4 bxa4 30. Kf4 a3 31. Ke4 Rd6 32. Kf5 a2 33. Kf4
a1=Q 34. Ke4 Qe5+ 35. Kf3 Rd3+ 36. Kf2 Qe3+ 37. Kg2 Rd2+ 38. Kh1 Qe1# 0-1

[Event "Quebec-ch U10"]
[Site "Montreal CAN"]
[Date "2016.01.16"]
[Round "3"]
[White "Lim, Nicolas"]
[Black "Lei, Storm"]
[Result "1-0"]
[WhiteElo "850"]
[BlackElo "1238"]
[PlyCount "103"]
[EventDate "2016.01.15"]
[EventType "swiss"]
[EventRounds "5"]
[EventCountry "CAN"]

1. d4 d5 2. c4 Nf6 3. cxd5 Nxd5 4. e4 Nf6 5. e5 Nd5 6. Nf3 e6 7. Bg5 Be7 8.
Bxe7 Qxe7 9. Bc4 Qb4+ 10. Nbd2 Qxb2 11. Bxd5 exd5 12. Qa4+ Nc6 13. O-O O-O 14.
Rab1 Qc3 15. Rfc1 Qa5 16. Qxa5 Nxa5 17. Rxc7 Nc6 18. h3 h6 19. Nb3 Bf5 20. Re1
Rab8 21. Nc5 b6 22. Nd7 Bxd7 23. Rxd7 Nb4 24. Rxa7 Ra8 25. Rb7 Rab8 26. Rxb8
Rxb8 27. Rd1 Nc2 28. Rc1 Nb4 29. a3 Nd3 30. Rc3 Nf4 31. Kh2 Ne6 32. Rc6 b5 33.
Rd6 Nc7 34. Rd7 Rb7 35. Nd2 Kf8 36. Nb3 Ke8 37. Nc5 Ra7 38. g3 g5 39. f4 Kf8
40. fxg5 hxg5 41. h4 gxh4 42. gxh4 Kg7 43. Kg3 Kg6 44. Kg4 f5+ 45. Kf4 Kh5 46.
Kxf5 Kxh4 47. e6 Rxa3 48. Rxc7 Ra8 49. e7 b4 50. Rd7 Re8 51. Nb3 Kg3 52. Kf6
1-0

[Event "Quebec-ch U10"]
[Site "Montreal CAN"]
[Date "2016.01.16"]
[Round "3"]
[White "Liu, Kevin"]
[Black "Memon, Aayan"]
[Result "1-0"]
[WhiteElo "1315"]
[BlackElo "988"]
[PlyCount "51"]
[EventDate "2016.01.15"]
[EventType "swiss"]
[EventRounds "5"]
[EventCountry "CAN"]

1. e4 e5 2. Nf3 Nc6 3. Nc3 Nf6 4. d4 exd4 5. Nxd4 Nxd4 6. Qxd4 c5 7. Qd3 d6 8.
Bf4 Be6 9. O-O-O c4 10. Qd4 Be7 11. Bxc4 Qd7 12. Bb5 Qxb5 13. Nxb5 a6 14. Nc7+
Kd7 15. Nxa8 Rxa8 16. e5 Ne8 17. exd6 Nxd6 18. Bxd6 Bxd6 19. Qxd6+ Ke8 20. Rhe1
Rc8 21. f4 g6 22. g4 f6 23. Rxe6+ Kf7 24. Re7+ Kg8 25. Qe6+ Kh8 26. Qxc8# 1-0

[Event "Quebec-ch U10"]
[Site "Montreal CAN"]
[Date "2016.01.16"]
[Round "3"]
[White "Xu, Yihan"]
[Black "Pant, Miro"]
[Result "1-0"]
[WhiteElo "985"]
[BlackElo "989"]
[PlyCount "125"]
[EventDate "2016.01.15"]
[EventType "swiss"]
[EventRounds "5"]
[EventCountry "CAN"]

1. e4 e5 2. Nf3 Nc6 3. Nc3 Bc5 4. Bb5 Nf6 5. Bxc6 dxc6 6. Nxe5 Nxe4 7. Nxe4 Qe7
8. f4 f6 9. Nxc5 Qxc5 10. d4 Qb5 11. a4 Qa5+ 12. Bd2 Qa6 13. Nd3 h5 14. Qe2+
Kd8 15. O-O Qc4 16. c3 Bf5 17. Nc1 Qxe2 18. Nxe2 Bd3 19. Rfe1 Re8 20. Ng3 h4
21. Nh5 Kd7 22. Nxg7 Re7 23. Nh5 Rf7 24. Re3 Bg6 25. g4 Rg8 26. h3 Bxh5 27. Kf2
Bg6 28. f5 Bh7 29. b4 Bxf5 30. gxf5 Rfg7 31. Ke2 Rg2+ 32. Kd3 R8g3 33. Rae1
Rxe3+ 34. Rxe3 Rg5 35. Rf3 Rg2 36. Bh6 Ke7 37. Rf4 Ra2 38. a5 b6 39. Re4+ Kf7
40. Rg4 Ke7 41. Rf4 bxa5 42. bxa5 Rxa5 43. Rxh4 Rxf5 44. Re4+ Kd8 45. Re6 Kc8
46. Rxc6 Kb7 47. Re6 a5 48. Re2 a4 49. Kc4 Kb6 50. Ra2 Ka5 51. Bf8 Ka6 52.
Rxa4+ Kb7 53. Rb4+ Kc8 54. d5 Rh5 55. Bg7 f5 56. Kc5 Rxh3 57. Rc4 Rg3 58. Be5
Rh3 59. d6 cxd6+ 60. Bxd6 Kd7 61. Be5 Rh5 62. Rd4+ Ke8 63. Kd6 1-0

[Event "Quebec-ch U10"]
[Site "Montreal CAN"]
[Date "2016.01.16"]
[Round "3"]
[White "Yuen, Lok"]
[Black "Li, Ze Yue"]
[Result "1-0"]
[WhiteElo "1035"]
[BlackElo "927"]
[PlyCount "91"]
[EventDate "2016.01.15"]
[EventType "swiss"]
[EventRounds "5"]
[EventCountry "CAN"]

1. e4 c5 2. Nf3 d6 3. Nc3 Nc6 4. Bc4 Nf6 5. d3 g6 6. Be3 Bg7 7. Qd2 Ng4 8. Bg5
O-O 9. O-O Re8 10. h3 Nf6 11. Bh6 Bh8 12. Rab1 Bd7 13. Ng5 Ne5 14. Bb3 b5 15.
f4 c4 16. fxe5 cxb3 17. exf6 b4 18. fxe7 Rxe7 19. Nd5 Re8 20. Nxf7 Qc8 21. Nxd6
Qc5+ 22. Kh1 Qxd6 23. Qxb4 Qg3 24. Bf4 Qh4 25. Qxb3 Be6 26. Bd2 Be5 27. Be1 Qh5
28. Qa3 Bxh3 29. Bg3 Bd4 30. c3 Bg4+ 31. Bh2 Be5 32. Nf4 Qh6 33. Qb3+ Be6 34.
Qd1 Rf8 35. Qd2 Bxf4 36. Rxf4 Rf7 37. Rbf1 Bxa2 38. c4 Qh5 39. Rxf7 Rb8 40. Qc3
Qh6 41. Qe5 Rd8 42. Qa5 Bb3 43. Qxd8+ Qf8 44. Rxf8+ Kg7 45. R1f7+ Kh6 46. Qh4#
1-0

[Event "Quebec-ch U10"]
[Site "Montreal CAN"]
[Date "2016.01.17"]
[Round "4"]
[White "Cui, Guang Zhu"]
[Black "Memon, Aayan"]
[Result "1-0"]
[WhiteElo "1084"]
[BlackElo "988"]
[PlyCount "37"]
[EventDate "2016.01.15"]
[EventType "swiss"]
[EventRounds "5"]
[EventCountry "CAN"]

1. e4 e5 2. Nf3 Nc6 3. Bb5 Qe7 4. d3 a6 5. Bc4 Nf6 6. Bg5 h6 7. Be3 d6 8. O-O
Bg4 9. h3 Bh5 10. Nbd2 O-O-O 11. a4 g5 12. Qb1 g4 13. hxg4 Nxg4 14. b4 d5 15.
Bc5 Qd7 16. exd5 Bxc5 17. bxc5 Ne7 18. c6 Qd6 19. Qxb7# 1-0

[Event "Quebec-ch U10"]
[Site "Montreal CAN"]
[Date "2016.01.17"]
[Round "4"]
[White "Gonzalez, Tristan"]
[Black "Yuen, Lok"]
[Result "1-0"]
[WhiteElo "1017"]
[BlackElo "1035"]
[PlyCount "141"]
[EventDate "2016.01.15"]
[EventType "swiss"]
[EventRounds "5"]
[EventCountry "CAN"]

1. e4 c5 2. Nf3 Nc6 3. Nc3 e6 4. Bc4 Nge7 5. d4 cxd4 6. Nxd4 g6 7. Nf3 Bg7 8.
Bd2 b6 9. O-O O-O 10. Qc1 Re8 11. Bh6 Bh8 12. Qf4 Nd4 13. Nxd4 Bxd4 14. e5 Bxc3
15. bxc3 Nf5 16. Bg5 Qc7 17. Bf6 Bb7 18. f3 Rac8 19. Bd3 Ng7 20. Qh6 Nh5 21. g4
Qc5+ 22. Kh1 Nxf6 23. exf6 Qf8 24. Qxf8+ Rxf8 25. c4 d5 26. cxd5 exd5 27. Rae1
h6 28. Re7 Ba8 29. Rxa7 Rc6 30. f4 Rxf6 31. f5 d4+ 32. Kg1 gxf5 33. Rxf5 Rxf5
34. Bxf5 Kg7 35. Rd7 b5 36. Rxd4 Kf6 37. h3 h5 38. Rd6+ Kg5 39. Kh2 hxg4 40.
hxg4 Bf3 41. Kg3 Be2 42. Rb6 f6 43. Kf2 Bc4 44. a3 Ra8 45. Bd7 Rxa3 46. Bxb5
Bxb5 47. Rxb5+ Kxg4 48. Rb1 Rf3+ 49. Ke2 f5 50. Rc1 Rc3 51. Kd2 Rc8 52. c4 f4
53. Ke2 f3+ 54. Kf2 Rd8 55. Rc2 Rh8 56. Ke3 Kg3 57. c5 f2 58. Rxf2 Rc8 59. Rc2
Kg4 60. Kd4 Kf5 61. Kd5 Kf6 62. Kd6 Rd8+ 63. Kc7 Ke7 64. Kb7 Rd7+ 65. Kb6 Kd8
66. c6 Rc7 67. Rc5 Kc8 68. Rf5 Kb8 69. Rf8+ Rc8 70. c7+ Ka8 71. Rxc8# 1-0

[Event "Quebec-ch U10"]
[Site "Montreal CAN"]
[Date "2016.01.17"]
[Round "4"]
[White "Lei, Storm"]
[Black "Kuy, Anthony"]
[Result "1-0"]
[WhiteElo "1238"]
[BlackElo "1093"]
[PlyCount "111"]
[EventDate "2016.01.15"]
[EventType "swiss"]
[EventRounds "5"]
[EventCountry "CAN"]

1. d4 Nc6 2. e4 e5 3. Nf3 d6 4. dxe5 dxe5 5. Qxd8+ Kxd8 6. Ng5 Be6 7. Nc3 Bb4
8. Bd2 Bxc3 9. Bxc3 h6 10. Nf3 f6 11. Rd1+ Ke8 12. Bb5 a6 13. Bd3 g6 14. O-O
Bg4 15. Be2 Bxf3 16. Bxf3 Rd8 17. Rxd8+ Kxd8 18. Rd1+ Ke8 19. Bg4 Nge7 20. h3
f5 21. exf5 gxf5 22. Bh5+ Kf8 23. f4 Rg8 24. fxe5 Rg5 25. Bf3 f4 26. e6 a5 27.
Rd7 Ne5 28. Rd8+ Kg7 29. Bxb7 Kf6 30. Rf8+ Kg7 31. Rxf4 Rg6 32. Bxa5 N5c6 33.
Bxc6 Nxc6 34. Bxc7 Rf6 35. Rxf6 Kxf6 36. b4 Kxe6 37. b5 Kd7 38. bxc6+ Kxc7 39.
g4 Kxc6 40. h4 Kd7 41. Kf2 Ke8 42. a4 Kf7 43. a5 Kf6 44. a6 Ke5 45. Kf3 h5 46.
a7 hxg4+ 47. Kxg4 Ke4 48. a8=Q+ Ke3 49. Qf3+ Kd2 50. Kf4 Kxc2 51. Qe3 Kd1 52.
Qf2 Kc1 53. Ke3 Kb1 54. Kd3 Ka1 55. Kc3 Kb1 56. Qb2# 1-0

[Event "Quebec-ch U10"]
[Site "Montreal CAN"]
[Date "2016.01.17"]
[Round "4"]
[White "Li, Ze Yue"]
[Black "Fernandez Busto, Edouard"]
[Result "1-0"]
[WhiteElo "927"]
[BlackElo "1081"]
[PlyCount "179"]
[EventDate "2016.01.15"]
[EventType "swiss"]
[EventRounds "5"]
[EventCountry "CAN"]

1. e4 e6 2. d4 d6 3. Nf3 Nf6 4. Nc3 Nbd7 5. Bg5 g6 6. e5 dxe5 7. dxe5 Bg7 8.
exf6 Bxf6 9. Bxf6 Qxf6 10. Nb5 Qd8 11. Be2 O-O 12. O-O a6 13. Nc3 Qe7 14. Re1
Nf6 15. Bc4 Qc5 16. Bb3 a5 17. Ne4 Nxe4 18. Rxe4 b5 19. a3 a4 20. Ba2 Bb7 21.
Re5 Qd6 22. Qxd6 cxd6 23. Re3 Rae8 24. Rd1 d5 25. Ne5 f5 26. b3 f4 27. Ree1 g5
28. Nd7 Rf7 29. Nc5 Bc6 30. Nxe6 Rfe7 31. bxa4 bxa4 32. c4 dxc4 33. Bxc4 Kh8
34. Kf1 f3 35. gxf3 Bxf3 36. Rd8 Rxd8 37. Nxd8 Rc7 38. Nf7+ Kg7 39. Nxg5 Rxc4
40. Nxf3 Rc3 41. Re3 Rc7 42. Kg2 Kf6 43. Nd2 Kf5 44. Kg3 h5 45. Re2 Rc2 46. Nf3
Rc3 47. Re5+ Kg6 48. Re3 Rc5 49. Re6+ Kg7 50. h4 Rc4 51. Rg6+ Kf8 52. Ne5 Rc3+
53. f3 Rxa3 54. Rh6 Rb3 55. Rxh5 a3 56. Ng4 a2 57. Ra5 Rb2 58. Ne3 Re2 59. Nd1
Re1 60. Rxa2 Rxd1 61. Kg4 Rd5 62. f4 Kg7 63. Rh2 Kg6 64. h5+ Kh6 65. f5 Rd4+
66. Kf3 Kg5 67. h6 Rf4+ 68. Ke3 Rxf5 69. h7 Re5+ 70. Kd4 Re8 71. h8=Q Rxh8 72.
Rxh8 Kf6 73. Re8 Kf5 74. Re1 Kf6 75. Kd5 Kf7 76. Kd6 Kf8 77. Kd7 Kf7 78. Rf1+
Kg6 79. Ke7 Kg5 80. Ke6 Kg4 81. Ke5 Kg3 82. Ke4 Kg2 83. Rf7 Kg3 84. Rf8 Kg2 85.
Ke3 Kg1 86. Ke2 Kg2 87. Rg8+ Kh2 88. Kf3 Kh1 89. Kf2 Kh2 90. Rh8# 1-0

[Event "Quebec-ch U10"]
[Site "Montreal CAN"]
[Date "2016.01.17"]
[Round "4"]
[White "Lim, Nicolas"]
[Black "Liu, Kevin"]
[Result "0-1"]
[WhiteElo "850"]
[BlackElo "1315"]
[PlyCount "72"]
[EventDate "2016.01.15"]
[EventType "swiss"]
[EventRounds "5"]
[EventCountry "CAN"]

1. d4 d5 2. c4 e6 3. Nc3 Nf6 4. Nf3 Nbd7 5. Bd2 Be7 6. e3 O-O 7. Bd3 b6 8. O-O
c5 9. Qb3 Bb7 10. Qc2 Rc8 11. Rac1 dxc4 12. Bxc4 Bxf3 13. gxf3 cxd4 14. exd4 e5
15. d5 Bd6 16. Qd3 Nh5 17. Ne4 Bb8 18. d6 Nhf6 19. Nxf6+ Nxf6 20. Bb4 Nd7 21.
Bb5 Qg5+ 22. Kh1 Rxc1 23. Bxd7 Rxf1+ 24. Qxf1 Rd8 25. Bg4 Bxd6 26. Bxd6 Rxd6
27. Qg2 Rd1+ 28. Qg1 Rxg1+ 29. Kxg1 Kf8 30. Kf1 Ke7 31. Bc8 Kd6 32. Ba6 Kc5 33.
Bd3 Kd4 34. Bxh7 g6 35. Bg8 Qf6 36. Kg2 Qg7 0-1

[Event "Quebec-ch U10"]
[Site "Montreal CAN"]
[Date "2016.01.17"]
[Round "4"]
[White "Pant, Miro"]
[Black "He, Yu Xi"]
[Result "0-1"]
[WhiteElo "989"]
[BlackElo "909"]
[PlyCount "126"]
[EventDate "2016.01.15"]
[EventType "swiss"]
[EventRounds "5"]
[EventCountry "CAN"]

1. e4 c5 2. Nf3 Nc6 3. Nc3 Nf6 4. Bc4 e6 5. h3 d5 6. exd5 exd5 7. Bb5 Be7 8.
Ne5 Bd7 9. Nxd7 Qxd7 10. d3 a6 11. Ba4 b5 12. Bb3 c4 13. dxc4 dxc4 14. Qxd7+
Nxd7 15. Nd5 O-O 16. Bxc4 bxc4 17. h4 Nf6 18. Nxe7+ Nxe7 19. h5 h6 20. f3 Ned5
21. g4 Nb4 22. Kd1 Rad8+ 23. Bd2 Rd5 24. Kc1 Nc6 25. Rg1 Rfd8 26. Be3 Nh7 27.
f4 Nd4 28. Re1 Nf3 29. Rh1 Nd2 30. c3 Rd3 31. Bd4 Ne4 32. Kc2 Rg3 33. Rhe1 Nef6
34. b3 cxb3+ 35. axb3 Rxg4 36. Rxa6 Rxf4 37. Rg1 Rc8 38. Bxf6 Nxf6 39. Rg2 Rf3
40. c4 Rd8 41. Rg1 Rdd3 42. b4 Rc3+ 43. Kb2 Rxc4 44. b5 Rb4+ 45. Ka2 Rxb5 46.
Ka1 Rxh5 47. Kb2 Rh2+ 48. Kc1 Rhf2 49. Ra8+ Kh7 50. Kd1 Rf1+ 51. Rxf1 Rxf1+ 52.
Ke2 Rf5 53. Ra3 g5 54. Rf3 Rxf3 55. Kxf3 Kg6 56. Kg3 Kf5 57. Kf3 h5 58. Kg3 g4
59. Kf2 Kf4 60. Kg2 h4 61. Kf2 g3+ 62. Kg2 h3+ 63. Kf1 Kf3 0-1

[Event "Quebec-ch U10"]
[Site "Montreal CAN"]
[Date "2016.01.17"]
[Round "4"]
[White "Tao, Neilson"]
[Black "Kuleshova, Julia"]
[Result "0-1"]
[WhiteElo "1074"]
[BlackElo "1593"]
[PlyCount "72"]
[EventDate "2016.01.15"]
[EventType "swiss"]
[EventRounds "5"]
[EventCountry "CAN"]

1. e4 c5 2. Nf3 d6 3. d4 cxd4 4. Nxd4 Nf6 5. Nc3 a6 6. Bg5 e6 7. Qd2 Be7 8. Bc4
Nc6 9. Nxc6 bxc6 10. f3 O-O 11. O-O-O a5 12. h4 a4 13. h5 a3 14. b3 Qc7 15. h6
g6 16. Na4 Qb7 17. Qc3 e5 18. Bxf6 Bxf6 19. f4 Qe7 20. f5 gxf5 21. Qg3+ Bg5+
22. Kb1 f4 23. Qf2 Bg4 24. Rdf1 Rfb8 25. Nc3 Qb7 26. g3 f3 27. Nd1 d5 28. exd5
cxd5 29. Bxd5 Qxd5 30. Nc3 Qc6 31. Nd1 Rd8 32. Re1 Rxd1+ 33. Rxd1 Qc3 34. Rd8+
Rxd8 35. Qd4 Rxd4 36. Re1 Qb2# 0-1

[Event "Quebec-ch U10"]
[Site "Montreal CAN"]
[Date "2016.01.17"]
[Round "4"]
[White "Zheng, Richard"]
[Black "Xu, Yihan"]
[Result "1-0"]
[WhiteElo "1383"]
[BlackElo "985"]
[PlyCount "141"]
[EventDate "2016.01.15"]
[EventType "swiss"]
[EventRounds "5"]
[EventCountry "CAN"]

1. e4 c5 2. Nc3 Nc6 3. Bc4 Nf6 4. d3 e6 5. Bg5 Be7 6. Nge2 O-O 7. O-O Ng4 8.
Bxe7 Qxe7 9. h3 Nge5 10. Bb3 Qd8 11. f4 Ng6 12. d4 cxd4 13. Nxd4 Qc7 14. Ndb5
Qb6+ 15. Kh1 a6 16. Na3 Qc7 17. Qg4 b5 18. Ne2 f5 19. exf5 Nge7 20. fxe6 dxe6
21. Bxe6+ Bxe6 22. Qxe6+ Kh8 23. Rad1 Rad8 24. c3 Ng6 25. Nc2 Rxd1 26. Rxd1 Nd8
27. Qe4 Nf7 28. Nb4 Nd6 29. Qc6 Qxc6 30. Nxc6 Ne4 31. Rd4 Nf6 32. g3 Re8 33.
Rd8 Rxd8 34. Nxd8 Kg8 35. Nc6 Kf7 36. Nb8 h5 37. Nxa6 h4 38. Kg2 Ne4 39. g4 Ke7
40. Nc7 Nd6 41. Kf3 Kd7 42. Na6 Kc6 43. Nd4+ Kb6 44. Nb4 Nc4 45. b3 Nd2+ 46.
Ke3 Nf1+ 47. Ke4 Nd2+ 48. Kf5 Ne7+ 49. Kg5 Nb1 50. Ne2 Nc6 51. Nxc6 Kxc6 52.
Kxh4 Kd5 53. Kg5 Ke4 54. a4 bxa4 55. bxa4 Kd5 56. Kg6 Kc6 57. Kxg7 Kd6 58. a5
Kd7 59. f5 Na3 60. f6 Kc6 61. f7 Kb5 62. f8=Q Nc4 63. Qb4+ Kc6 64. Qxc4+ Kd6
65. Kf6 Kd7 66. Qe6+ Kc7 67. Nd4 Kb7 68. Qc6+ Ka7 69. Nb5+ Kb8 70. Qc7+ Ka8 71.
Qa7# 1-0

[Event "Quebec-ch U10"]
[Site "Montreal CAN"]
[Date "2016.01.17"]
[Round "4"]
[White "Zhong, Ziyi"]
[Black "Guipi Bopala, Prince Eric jr"]
[Result "0-1"]
[WhiteElo "1234"]
[BlackElo "1456"]
[PlyCount "72"]
[EventDate "2016.01.15"]
[EventType "swiss"]
[EventRounds "5"]
[EventCountry "CAN"]

1. e4 e5 2. Nf3 Nc6 3. Bc4 Nf6 4. d3 Bc5 5. O-O d6 6. h3 Be6 7. Bb3 Qd7 8. Ng5
O-O-O 9. Nxe6 fxe6 10. Be3 Bxe3 11. fxe3 Rdf8 12. Nd2 Rhg8 13. Nf3 g5 14. Nh2
h5 15. a4 d5 16. exd5 exd5 17. e4 Ne7 18. Ba2 Qxa4 19. Kh1 Qd7 20. exd5 Nexd5
21. Bxd5 Qxd5 22. Rxa7 Qc5 23. Ra8+ Kd7 24. Rxf8 Rxf8 25. Nf3 g4 26. hxg4 Nxg4
27. Qe2 Qb5 28. c4 Qc5 29. Qd2 Qe7 30. Re1 Rxf3 31. gxf3 Qh4+ 32. Kg1 Qg3+ 33.
Kf1 Nh2+ 34. Qxh2 Qxh2 35. Re2 Qg3 36. Rf2 h4 0-1

[Event "Quebec-ch U10"]
[Site "Montreal CAN"]
[Date "2016.01.17"]
[Round "5"]
[White "Fernandez Busto, Edouard"]
[Black "Kuy, Anthony"]
[Result "1-0"]
[WhiteElo "1081"]
[BlackElo "1093"]
[PlyCount "55"]
[EventDate "2016.01.15"]
[EventType "swiss"]
[EventRounds "5"]
[EventCountry "CAN"]

1. e4 e5 2. Nf3 Nf6 3. Nc3 Nc6 4. Bc4 g6 5. d3 Bb4 6. O-O Bxc3 7. bxc3 d6 8.
Bh6 Ng4 9. Ng5 Nxh6 10. Qf3 Qxg5 11. g3 Qe7 12. Qe3 g5 13. f4 Ng4 14. Qf3 a5
15. fxg5 a4 16. Bxf7+ Kd8 17. h3 Rf8 18. hxg4 Rxf7 19. Qxf7 Qxf7 20. Rxf7 Bxg4
21. Rf8+ Ke7 22. Rxa8 h5 23. gxh6 b5 24. h7 b4 25. h8=Q b3 26. Re8+ Kf7 27.
Rf1+ Bf5 28. Rxf5+ 1-0

[Event "Quebec-ch U10"]
[Site "Montreal CAN"]
[Date "2016.01.17"]
[Round "5"]
[White "Guipi Bopala, Prince Eric jr"]
[Black "Liu, Kevin"]
[Result "1-0"]
[WhiteElo "1456"]
[BlackElo "1315"]
[PlyCount "83"]
[EventDate "2016.01.15"]
[EventType "swiss"]
[EventRounds "5"]
[EventCountry "CAN"]

1. d4 d5 2. c4 e6 3. Nc3 Nf6 4. cxd5 exd5 5. Bg5 Bb4 6. e3 O-O 7. Bd3 b6 8. Qc2
h6 9. Bh4 Bb7 10. Nf3 Nbd7 11. O-O c5 12. a3 Bxc3 13. bxc3 c4 14. Bf5 g6 15.
Bxd7 g5 16. Nxg5 Qxd7 17. Nf3 Ne8 18. Ne5 Qe6 19. Qb2 Nd6 20. a4 Nf5 21. Bg3 f6
22. Ng6 Rf7 23. Nf4 Qe4 24. Qe2 Rg7 25. Nh5 Rg6 26. Nf4 Rg7 27. Rfb1 Bc6 28.
Rb2 Rg5 29. Rab1 Nxg3 30. hxg3 Bxa4 31. Re1 Bc6 32. Rbb1 Qe8 33. Qa2 Rg7 34.
Qa3 Rd7 35. Qb2 Rb7 36. Qc2 Rg7 37. Qf5 Qd8 38. Ne6 Qe7 39. Nxg7 Qxg7 40. Qe6+
Qf7 41. Qxc6 Kh8 42. Qxa8+ 1-0

[Event "Quebec-ch U10"]
[Site "Montreal CAN"]
[Date "2016.01.17"]
[Round "5"]
[White "Kuleshova, Julia"]
[Black "Lim, Nicolas"]
[Result "1-0"]
[WhiteElo "1593"]
[BlackElo "850"]
[PlyCount "91"]
[EventDate "2016.01.15"]
[EventType "swiss"]
[EventRounds "5"]
[EventCountry "CAN"]

1. e4 e6 2. d4 d5 3. e5 c5 4. c3 Nc6 5. Nf3 b6 6. Bd3 f6 7. Bf4 Bb7 8. O-O Be7
9. Re1 Qd7 10. Nbd2 Nh6 11. Nf1 Nf7 12. Ng3 O-O 13. Nh5 Nfd8 14. Qc2 f5 15. h4
c4 16. Bf1 Qe8 17. Ng3 a6 18. Ng5 Bxg5 19. hxg5 Qg6 20. Be2 Qf7 21. f3 b5 22.
Kf2 Qg6 23. Rh1 Nf7 24. Rh5 Nh8 25. Rah1 Nf7 26. Qc1 Rfe8 27. Rxh7 Qxh7 28.
Rxh7 Kxh7 29. Qh1+ Kg8 30. g6 Nh8 31. Qh7+ Kf8 32. Qxh8+ Ke7 33. Qxg7+ Kd8 34.
Qxb7 Rc8 35. g7 Rc7 36. Bg5+ Kd7 37. Qxa6 Rg8 38. Nh5 Rb8 39. Nf6+ Ke7 40. g8=Q
Rxg8 41. Nxg8+ Kf8 42. Qa8+ Kg7 43. Nh6 Ne7 44. Bf6+ Kg6 45. Qe8+ Kh7 46. Qf7+
1-0

[Event "Quebec-ch U10"]
[Site "Montreal CAN"]
[Date "2016.01.17"]
[Round "5"]
[White "Memon, Aayan"]
[Black "Tao, Neilson"]
[Result "1-0"]
[WhiteElo "1028"]
[BlackElo "1074"]
[PlyCount "117"]
[EventDate "2016.01.15"]
[EventType "swiss"]
[EventRounds "5"]
[EventCountry "CAN"]

1. e4 c5 2. Nf3 d6 3. Nc3 Nf6 4. Bc4 g6 5. Ng5 e6 6. d3 Bg7 7. Be3 O-O 8. O-O
Nc6 9. Qd2 Ne5 10. Bb3 Qc7 11. f4 Neg4 12. h3 Nxe3 13. Qxe3 d5 14. Rf3 Nxe4 15.
Qe1 Nxc3 16. bxc3 b5 17. a4 b4 18. Qf2 Bb7 19. Rg3 bxc3 20. Qe1 Qxf4 21. Rg4
Qf6 22. Qe3 Qe7 23. Rf1 Bd4 24. Rxd4 cxd4 25. Qg3 Rac8 26. Qh4 h5 27. g4 Qf6
28. Rxf6 e5 29. gxh5 Kg7 30. Nf3 Rc6 31. Rxc6 Bxc6 32. h6+ Kh7 33. Ng5+ Kh8 34.
Nxf7+ Rxf7 35. Qd8+ Kh7 36. Bxd5 Bxd5 37. Qxd5 Rf5 38. Qb7+ Kxh6 39. Qxa7 Rf4
40. Qh7+ Kg5 41. Qe7+ Kh5 42. a5 Rf5 43. Kg2 Rg5+ 44. Kh2 Rf5 45. Kg1 Rg5+ 46.
Qxg5+ Kxg5 47. a6 Kh4 48. a7 Kxh3 49. a8=Q g5 50. Qg2+ Kh4 51. Qe4+ Kh5 52.
Qxe5 Kh6 53. Kg2 Kh5 54. Kg3 Kh6 55. Kg4 Kg6 56. Qxg5+ Kf7 57. Kf5 Kf8 58. Ke6
Ke8 59. Qg8# 1-0

[Event "Quebec-ch U10"]
[Site "Montreal CAN"]
[Date "2016.01.17"]
[Round "5"]
[White "Yuen, Lok"]
[Black "Zhong, Ziyi"]
[Result "1-0"]
[WhiteElo "1035"]
[BlackElo "1234"]
[PlyCount "129"]
[EventDate "2016.01.15"]
[EventType "swiss"]
[EventRounds "5"]
[EventCountry "CAN"]

1. e4 e5 2. Nf3 Nc6 3. Nc3 d6 4. h3 Be6 5. Bb5 Nge7 6. d4 exd4 7. Nxd4 a6 8.
Nxe6 fxe6 9. Bd3 g6 10. Bg5 Bg7 11. Qf3 Nd4 12. Qd1 O-O 13. O-O b5 14. Qd2 Qd7
15. Bh6 d5 16. Bxg7 Kxg7 17. exd5 exd5 18. Ne2 Nec6 19. c3 Ne6 20. Rad1 d4 21.
Bc2 Rad8 22. Bb3 d3 23. Bxe6 Qxe6 24. Nc1 Ne5 25. Rfe1 Qd5 26. b3 Rf3 27. Rxe5
Rxf2 28. Kxf2 Qxe5 29. Nxd3 Qf5+ 30. Kg1 c5 31. Qe3 Kg8 32. Qf3 c4 33. Qxf5
gxf5 34. Nf2 Rxd1+ 35. Nxd1 cxb3 36. axb3 Kf7 37. Kf2 Ke6 38. Ke3 Ke5 39. g3 h5
40. h4 a5 41. Nf2 a4 42. bxa4 bxa4 43. Nd3+ Kd5 44. Nb4+ Kc4 45. Kd2 a3 46. Kc2
Kc5 47. Kb3 Kd6 48. Kxa3 Ke5 49. Kb2 f4 50. gxf4+ Kxf4 51. Kc2 Kg4 52. Kd2 Kxh4
53. Ke2 Kg5 54. Kf2 Kf4 55. c4 Ke5 56. c5 Ke6 57. c6 Kd6 58. Kg3 Kc7 59. Kh4
Kd6 60. Kxh5 Kc7 61. Kg5 Kd6 62. Kf4 Ke7 63. Ke5 Kd8 64. Kd6 Kc8 65. c7 1-0

[Event "Quebec-ch U12"]
[Site "Montreal CAN"]
[Date "2016.01.15"]
[Round "1"]
[White "Cai, Tony"]
[Black "Richard, Leo"]
[Result "0-1"]
[WhiteElo "1088"]
[BlackElo "1453"]
[PlyCount "107"]
[EventDate "2016.01.15"]
[EventType "swiss"]
[EventRounds "5"]
[EventCountry "CAN"]

1. d4 d5 2. Nf3 Nf6 3. Nc3 e6 4. a3 c5 5. dxc5 Bxc5 6. e3 O-O 7. Be2 Nc6 8. O-O
a6 9. Na4 Ba7 10. b3 b5 11. Nb2 Ne4 12. Bd3 f5 13. c4 bxc4 14. bxc4 Bb7 15.
cxd5 exd5 16. Na4 Ne7 17. Bb2 Rc8 18. Nd4 Bxd4 19. exd4 Ng6 20. f3 Ng5 21. Rb1
Ne6 22. Re1 Nef4 23. Nc5 Nxd3 24. Qxd3 Nf4 25. Qd2 Qg5 26. Red1 Rc7 27. Nd3 Ne6
28. Qe2 Re7 29. Qf2 Nf4 30. Nxf4 Qxf4 31. Bc3 Qc7 32. Bb4 Rfe8 33. Bxe7 Rxe7
34. Re1 Rd7 35. Rbc1 Qd6 36. Qe3 Kf7 37. Qd3 Kf6 38. Rc2 Re7 39. Rce2 Rxe2 40.
Rxe2 a5 41. Re5 g6 42. f4 Ba6 43. Qg3 Qc7 44. Qg5+ Kf7 45. h3 Qc1+ 46. Kh2 Qxa3
47. Rxd5 Qa4 48. Re5 Qb4 49. Qh6 Kf6 50. Qxh7 a4 51. Qh8+ Kf7 52. Qe8+ Kf6 53.
Re6+ Kg7 54. Qxg6+ 0-1